| 000 | 00742nam a2200217Ia 4500 | ||
|---|---|---|---|
| 001 | 8080 | ||
| 003 | GE_BSU | ||
| 008 | 181216s||||||||xx |||||||||||||| ||und|| | ||
| 040 | _cGE_BSU | ||
| 080 | _a55.01+556 | ||
| 100 | _aКононов,В.М. Крысенко,А.М. Швец,В.М. | ||
| 245 | _aОсновы геологии гидрогеологии и инженерной геологии. | ||
| 245 | _bУчеб. пособие. | ||
| 245 | _cНауч. ред. М.П.Толстой. | ||
| 260 | _aМ. | ||
| 260 | _bВысш.школа. | ||
| 260 | _c1978. | ||
| 300 | _a187стр.с илл. 21см. | ||
| 653 | _aОсновы геологии гидрогеологии и инженерной геологии. | ||
| 942 | _cBK | ||
| 999 |
_c41418 _d41418 |
||